000 00330 a2200145 4500
020 _a978-7-119-11179-7
040 _aULA-LD-MS
082 _b32
100 _91011
_aXI,Jinping
245 _aA Governanȧ da China II
260 _aChina,
_bLinguas Estrangeiras
_c2018.
300 _a696p
650 _aPolitica
942 _cLivros
999 _c2185
_d2185